[Event "Verbandsliga 2019-20"]
[Site "MVP"]
[Date "2019.11.24"]
[Round "3.2"]
[White "Hubert, Peter"]
[Black "Hornych, Christoph"]
[Result "1-0"]
[WhiteElo "2114"]
[BlackElo "2171"]
[PlyCount "113"]
[EventDate "2019.09.29"]
[EventType "team-tourn"]
[EventRounds "9"]
[WhiteTeam "HSG Stralsund"]
[BlackTeam "SF Schwerin II"]
[WhiteTeamCountry "GER"]
[BlackTeamCountry "GER"]

1. e4 c6 2. d4 d5 3. e5 Bf5 4. Bd3 Bxd3 5. Qxd3 e6 6. Nf3 Qb6 7. O-O Qa6 8.
Qxa6 Nxa6 9. c3 c5 10. a3 Rc8 11. Be3 h5 12. b4 b6 13. Nbd2 Nh6 14. Bxh6 Rxh6
15. dxc5 bxc5 16. b5 Nb8 17. a4 Nd7 18. c4 Be7 19. Rfe1 g5 20. h3 g4 21. hxg4
hxg4 22. Nh2 Rg6 23. f4 gxf3 24. Nhxf3 Rg4 25. cxd5 exd5 26. e6 fxe6 27. Rxe6
Kf7 28. Rae1 Bf8 29. Rc6 Re8 30. Rc7 Rxe1+ 31. Nxe1 Ke6 32. Rxa7 Rb4 33. Ra6+
Bd6 34. Kf1 Nb8 35. Ra8 c4 36. Ndf3 Kf5 37. Nc2 Rb2 38. Nfd4+ Ke4 39. g4 Kf4
40. a5 Be5 41. a6 Nd7 42. Rd8 Nb6 43. a7 Ra2 44. Rb8 Rxa7 45. Rxb6 Bxd4 46.
Nxd4 Ke4 47. Ne2 d4 48. Re6+ Kd5 49. Nf4+ Kc5 50. Re5+ Kb4 51. b6 Rg7 52. g5
Rf7 53. Re4 d3 54. g6 Rg7 55. Nxd3+ Kb3 56. b7 Rg8 57. Nc5+ 1-0

[Event "Verbandsliga 2019-20"]
[Site "MVP"]
[Date "2019.11.24"]
[Round "3.3"]
[White "Grahl, Arvid"]
[Black "Mehl, Ronald"]
[Result "1-0"]
[WhiteElo "2167"]
[BlackElo "2099"]
[PlyCount "95"]
[EventDate "2019.09.29"]
[EventType "team-tourn"]
[EventRounds "9"]
[WhiteTeam "SF Schwerin II"]
[BlackTeam "HSG Stralsund"]
[WhiteTeamCountry "GER"]
[BlackTeamCountry "GER"]

1. d4 Nf6 2. c4 e6 3. Nc3 Bb4 4. Qc2 d5 5. cxd5 exd5 6. Bg5 c6 7. e3 h6 8. Bh4
O-O 9. Bd3 Be7 10. Nf3 Nbd7 11. O-O Re8 12. Rab1 Ne4 13. Bxe7 Qxe7 14. b4 Nxc3
15. Qxc3 a6 16. a4 Nb6 17. Qb3 Be6 18. Ne5 f6 19. Ng6 Qd7 20. Nf4 Bf5 21. b5
axb5 22. axb5 Nc4 23. Qb4 Bxd3 24. Nxd3 b6 25. Rfc1 cxb5 26. Qxb5 Qf7 27. Ra1
Rad8 28. Nb4 Nd2 29. Ra6 Qg6 30. Qe2 Nb3 31. Qc2 Rc8 32. Nc6 Rxc6 33. Qxc6 Nxc1
34. Qxc1 Rb8 35. h3 Qd3 36. Ra7 Re8 37. Qc6 Qb1+ 38. Kh2 Qg6 39. Qxd5+ Kh7 40.
Rb7 f5 41. Qd7 f4 42. Rxb6 Qe4 43. Rb3 Rf8 44. Rb7 Qg6 45. Qg4 Qf6 46. d5 Kh8
47. e4 f3 48. Qxf3 1-0

[Event "Verbandsliga 2019-20"]
[Site "MVP"]
[Date "2019.11.24"]
[Round "3.5"]
[White "Roehl, Rainer"]
[Black "Glawe, Hartmut"]
[Result "1/2-1/2"]
[WhiteElo "2033"]
[BlackElo "2017"]
[PlyCount "46"]
[EventDate "2019.09.29"]
[EventType "team-tourn"]
[EventRounds "9"]
[WhiteTeam "SF Schwerin II"]
[BlackTeam "HSG Stralsund"]
[WhiteTeamCountry "GER"]
[BlackTeamCountry "GER"]

1. d4 Nf6 2. Bf4 b6 3. e3 Bb7 4. Nf3 e6 5. Bd3 Be7 6. h3 O-O 7. O-O d5 8. Nbd2
Nbd7 9. c4 c5 10. cxd5 exd5 11. Rc1 a6 12. Ne5 Nxe5 13. Bxe5 Nd7 14. Bg3 Re8
15. Nf3 g6 16. b3 Bf6 17. Qd2 Rc8 18. Rc2 Re6 19. Rfc1 Qe7 20. a4 Rec6 21. Qd1
Qe8 22. Qf1 Ra8 23. Qd1 Rac8 1/2-1/2

[Event "Verbandsliga 2019-20"]
[Site "MVP"]
[Date "2019.11.24"]
[Round "3.6"]
[White "Kohn, Andreas"]
[Black "Wandel, Bernd"]
[Result "0-1"]
[WhiteElo "1958"]
[BlackElo "2064"]
[PlyCount "54"]
[EventDate "2019.09.29"]
[EventType "team-tourn"]
[EventRounds "9"]
[WhiteTeam "HSG Stralsund"]
[BlackTeam "SF Schwerin II"]
[WhiteTeamCountry "GER"]
[BlackTeamCountry "GER"]

{[%evp 0,4,27,11,68,73,59]} 1. e4 c6 2. d4 d5 3. Nc3 dxe4 4. Nxe4 Nf6 5. Nxf6+
gxf6 6. Nf3 Bf5 7. Bc4 e6 8. Bf4 Rg8 9. Qe2 Rg4 10. g3 Bd6 11. h3 Rg8 12. Bxd6
Qxd6 13. g4 Bg6 14. O-O-O Qf4+ 15. Nd2 Nd7 16. Bxe6 O-O-O 17. Bxd7+ Rxd7 18. c3
c5 19. Qe3 Qc7 20. Nb3 Re7 21. Qg3 Qc6 22. Nxc5 Re2 23. Nd3 Rge8 24. Rhf1 Qe6
25. b3 Qa6 26. Rd2 Rxd2 27. Kxd2 Qxa2+ 0-1

[Event "Verbandsliga 2019-20"]
[Site "MVP"]
[Date "2019.11.24"]
[Round "3.7"]
[White "Jung, Werner"]
[Black "Kohn, Thomas"]
[Result "1-0"]
[WhiteElo "2042"]
[BlackElo "1964"]
[PlyCount "67"]
[EventDate "2019.09.29"]
[EventType "team-tourn"]
[EventRounds "9"]
[WhiteTeam "SF Schwerin II"]
[BlackTeam "HSG Stralsund"]
[WhiteTeamCountry "GER"]
[BlackTeamCountry "GER"]

1. e4 c5 2. c3 d5 3. exd5 Qxd5 4. d4 Nf6 5. Nf3 Bg4 6. dxc5 Qxd1+ 7. Kxd1 Bxf3+
8. gxf3 e6 9. b4 Nd5 10. Kc2 Be7 11. Bc4 Nd7 12. Bxd5 exd5 13. Re1 Kd8 14. Rd1
b6 15. cxb6 Nxb6 16. Be3 Kc7 17. Bxb6+ Kxb6 18. Rxd5 Kc6 19. Rf5 Bf6 20. Nd2
Kd6 21. Rc5 Rhc8 22. Ne4+ Ke6 23. Rxc8 Rxc8 24. Nxf6 Kxf6 25. Re1 Rc7 26. Re4
h5 27. c4 g5 28. c5 Kf5 29. Kd3 Rd7+ 30. Rd4 Rc7 31. Kc4 Kg6 32. b5 f5 33. a4
g4 34. f4 1-0

[Event "Verbandsliga 2019-20"]
[Site "MVP"]
[Date "2019.11.24"]
[Round "3.8"]
[White "Vietinghoff, Klaus"]
[Black "Kutschke, Peter"]
[Result "0-1"]
[WhiteElo "1796"]
[BlackElo "1993"]
[PlyCount "56"]
[EventDate "2019.09.29"]
[EventType "team-tourn"]
[EventRounds "9"]
[WhiteTeam "HSG Stralsund"]
[BlackTeam "SF Schwerin II"]
[WhiteTeamCountry "GER"]
[BlackTeamCountry "GER"]

1. f4 d5 2. Nf3 Nf6 3. e3 g6 4. d4 Bg7 5. c3 c6 6. Bd3 Bg4 7. Nbd2 Nbd7 8. O-O
e6 9. Qe1 Bf5 10. e4 dxe4 11. Bxe4 Nxe4 12. Nxe4 Bxe4 13. Qxe4 O-O 14. Qe2 Qc7
15. Bd2 Rac8 16. Ne5 Rfd8 17. Rae1 Qd6 18. Kh1 Nb6 19. h3 Nd5 20. Nd3 Ne7 21.
Ne5 Nf5 22. Kh2 c5 23. g4 Ne7 24. Nf3 cxd4 25. cxd4 Rc2 26. Qe4 Rxb2 27. Rb1
Bxd4 28. Qxd4 Qxd4 0-1

[Event "Verbandsliga 2019-20"]
[Site "MVP"]
[Date "2019.11.24"]
[Round "3.1"]
[White "Stoevesand, Peter"]
[Black "Stutz, Reno"]
[Result "1/2-1/2"]
[WhiteElo "1754"]
[BlackElo "2017"]
[PlyCount "49"]
[EventDate "2019.09.29"]
[EventType "team-tourn"]
[EventRounds "9"]
[WhiteTeam "SG Neubrandenburg"]
[BlackTeam "ASV Wismar"]
[WhiteTeamCountry "GER"]
[BlackTeamCountry "GER"]

1. e4 d5 2. exd5 Nf6 3. Nc3 Nxd5 4. d4 Bf5 5. Qf3 e6 6. Nxd5 Qxd5 7. Qxd5 exd5
8. c3 Bd6 9. Ne2 O-O 10. Bf4 Bxf4 11. Nxf4 Re8+ 12. Kd2 c6 13. Bd3 Bxd3 14.
Nxd3 Nd7 15. Rhe1 f6 16. b3 Kf7 17. a4 Rxe1 18. Rxe1 Re8 19. Rxe8 Kxe8 20. a5
Ke7 21. f4 Kd6 22. g4 g5 23. f5 b6 24. axb6 axb6 25. b4 1/2-1/2

[Event "Verbandsliga 2019-20"]
[Site "MVP"]
[Date "2019.11.24"]
[Round "3.2"]
[White "Kliewe, Hans-Juergen"]
[Black "Kunow, Frank"]
[Result "1-0"]
[WhiteElo "2113"]
[BlackElo "1926"]
[PlyCount "96"]
[EventDate "2019.09.29"]
[EventType "team-tourn"]
[EventRounds "9"]
[WhiteTeam "ASV Wismar"]
[BlackTeam "SG Neubrandenburg"]
[WhiteTeamCountry "GER"]
[BlackTeamCountry "GER"]

1. d4 Nf6 2. Nf3 g6 3. Bf4 Bg7 4. e3 O-O 5. Be2 d6 6. h3 c5 7. c3 cxd4 8. exd4
Nc6 9. O-O Nd5 10. Bd2 e5 11. c4 Nde7 12. dxe5 dxe5 13. Nc3 Nf5 14. Re1 Nfd4
15. Be3 Bf5 16. Bxd4 exd4 17. Nd5 Be4 18. Nf4 Qb6 19. Nd2 Bf5 20. Nb3 d3 21.
Bxd3 Bxd3 22. Nxd3 Rad8 23. Qc2 Nd4 24. Nxd4 Qxd4 25. Rad1 Rc8 26. b3 Qf6 27.
Qe2 Rfd8 28. Nb4 Rxd1 29. Rxd1 Qe5 30. Qxe5 Bxe5 31. Nd5 Kf8 32. a4 f6 33. Kf1
Kf7 34. Ke2 Ke6 35. Kd3 a6 36. f4 Bd6 37. Re1+ Kf7 38. g3 h5 39. Kc3 b5 40.
axb5 axb5 41. Ra1 bxc4 42. bxc4 g5 43. Ra6 Rd8 44. Kd4 gxf4 45. gxf4 Kg7 46.
Ke4 Kg6 47. Nxf6 Bxf4 48. Kxf4 Rd4+ 1-0

[Event "Verbandsliga 2019-20"]
[Site "MVP"]
[Date "2019.11.24"]
[Round "3.3"]
[White "Schulz, Daniel"]
[Black "Littke, Helmut"]
[Result "0-1"]
[WhiteElo "1817"]
[BlackElo "2056"]
[PlyCount "68"]
[EventDate "2019.09.29"]
[EventType "team-tourn"]
[EventRounds "9"]
[WhiteTeam "SG Neubrandenburg"]
[BlackTeam "ASV Wismar"]
[WhiteTeamCountry "GER"]
[BlackTeamCountry "GER"]

1. e4 c5 2. c3 Nf6 3. e5 Nd5 4. d4 cxd4 5. cxd4 e6 6. Nf3 Be7 7. Nc3 Nxc3 8.
bxc3 O-O 9. Bd3 Nc6 10. O-O d6 11. Re1 dxe5 12. dxe5 b6 13. Qe2 Bb7 14. Rd1 Qc7
15. h4 g6 16. Bh6 Rfd8 17. h5 Rd5 18. hxg6 hxg6 19. Qc2 Kh7 20. Bf4 Rad8 21. a3
Qd7 22. Be2 Rxd1+ 23. Rxd1 Qc7 24. Bd3 Kg7 25. Qc1 Rd5 26. g3 Qd7 27. Qc2 Ba6
28. c4 Nd4 29. Nxd4 Rxd4 30. Be3 Rxd3 31. Qxd3 Qc6 32. Qd7 Qf3 33. Qd3 Bb7 34.
Kf1 Qh1+ 0-1

[Event "Verbandsliga 2019-20"]
[Site "MVP"]
[Date "2019.11.24"]
[Round "3.4"]
[White "Junggebauer, Thomas"]
[Black "Pruesse, Horst"]
[Result "0-1"]
[WhiteElo "2000"]
[BlackElo "2044"]
[PlyCount "66"]
[EventDate "2019.09.29"]
[EventType "team-tourn"]
[EventRounds "9"]
[WhiteTeam "ASV Wismar"]
[BlackTeam "SG Neubrandenburg"]
[WhiteTeamCountry "GER"]
[BlackTeamCountry "GER"]

1. e4 d5 2. exd5 Nf6 3. Nc3 Nxd5 4. Bc4 Nf6 5. d4 Bg4 6. f3 Bf5 7. Nge2 e6 8.
g4 Bg6 9. h4 h6 10. Nf4 Bh7 11. Qe2 Nc6 12. Bxe6 Nxd4 13. Bxf7+ Kxf7 14. Qc4+
Ke8 15. O-O Be7 16. Be3 Nxc2 17. Rad1 Nxe3 18. Rxd8+ Rxd8 19. Qa4+ Rd7 20. Re1
Nc2 21. Re5 Nd4 22. Re3 c6 23. Qxa7 Kf7 24. Qa4 b5 25. Qa6 Bc5 26. Na4 Ra7 27.
Nxc5 Rxa6 28. Nxa6 Re8 29. Kf2 Bb1 30. Rxe8 Nxe8 31. Ke3 Ne6 32. a3 Nd6 33. Nb4
Nc4+ 0-1

[Event "Verbandsliga 2019-20"]
[Site "MVP"]
[Date "2019.11.24"]
[Round "3.5"]
[White "Hoerhold, Martin"]
[Black "Borchert, Chris"]
[Result "0-1"]
[WhiteElo "1828"]
[BlackElo "2143"]
[PlyCount "44"]
[EventDate "2019.09.29"]
[EventType "team-tourn"]
[EventRounds "9"]
[WhiteTeam "SG Neubrandenburg"]
[BlackTeam "ASV Wismar"]
[WhiteTeamCountry "GER"]
[BlackTeamCountry "GER"]

1. d4 e6 2. c4 Nf6 3. Nc3 d5 4. Bg5 Be7 5. e3 O-O 6. Nf3 b6 7. Bd3 Bb7 8. O-O
h6 9. Bh4 Ne4 10. Bxe7 Qxe7 11. Rc1 Nd7 12. Qe2 f5 13. Nd2 Ndf6 14. f3 Nxc3 15.
Rxc3 e5 16. cxd5 Nxd5 17. Rcc1 Rae8 18. Rfe1 exd4 19. exd4 Qb4 20. Qxe8 Rxe8
21. Rxe8+ Kf7 22. Re2 Qxd4+ 0-1

[Event "Verbandsliga 2019-20"]
[Site "MVP"]
[Date "2019.11.24"]
[Round "3.6"]
[White "Bahr, Enrico"]
[Black "Rossmann, Andreas"]
[Result "1/2-1/2"]
[WhiteElo "2003"]
[BlackElo "2073"]
[PlyCount "72"]
[EventDate "2019.09.29"]
[EventType "team-tourn"]
[EventRounds "9"]
[WhiteTeam "ASV Wismar"]
[BlackTeam "SG Neubrandenburg"]
[WhiteTeamCountry "GER"]
[BlackTeamCountry "GER"]

1. d4 Nf6 2. Nf3 e6 3. Bg5 Be7 4. e3 b6 5. Bd3 Bb7 6. Nbd2 h6 7. Bh4 O-O 8. h3
d5 9. O-O Ne4 10. Bxe7 Qxe7 11. Ne5 Nd7 12. Ndf3 Ndf6 13. c3 c5 14. Rc1 Rfc8
15. Nh2 a6 16. Qe1 Rc7 17. g4 Nd7 18. Nxd7 Rxd7 19. f3 Nd6 20. f4 Ne4 21. Nf3
Rc7 22. Ne5 Qe8 23. Bxe4 dxe4 24. f5 f6 25. Ng6 cxd4 26. cxd4 Rxc1 27. Qxc1 Rc8
28. Qd2 exf5 29. gxf5 a5 30. Qg2 Qd7 31. Rf2 Rc1+ 32. Kh2 Qd6+ 33. Nf4 Bd5 34.
a3 Qc6 35. h4 Bf7 36. Rd2 Bd5 1/2-1/2

[Event "Verbandsliga 2019-20"]
[Site "MVP"]
[Date "2019.11.24"]
[Round "3.1"]
[White "Reyer, Ulli"]
[Black "Seiler, Dirk"]
[Result "1/2-1/2"]
[WhiteElo "2119"]
[BlackElo "2122"]
[PlyCount "21"]
[EventDate "2019.09.29"]
[EventType "team-tourn"]
[EventRounds "9"]
[WhiteTeam "Greifswalder SV II"]
[BlackTeam "SG Guestrow/Teterow"]
[WhiteTeamCountry "GER"]
[BlackTeamCountry "GER"]

1. e4 e6 2. d4 d5 3. Nc3 Nf6 4. e5 Nfd7 5. f4 c5 6. Nf3 Nc6 7. Be3 Be7 8. dxc5
Bxc5 9. Bxc5 Nxc5 10. Qd2 O-O 11. O-O-O 1/2-1/2

[Event "Verbandsliga 2019-20"]
[Site "MVP"]
[Date "2019.11.24"]
[Round "3.3"]
[White "Mildner, Jens"]
[Black "Luther, Alexander"]
[Result "0-1"]
[WhiteElo "2107"]
[BlackElo "2052"]
[PlyCount "192"]
[EventDate "2019.09.29"]
[EventType "team-tourn"]
[EventRounds "9"]
[WhiteTeam "Greifswalder SV II"]
[BlackTeam "SG Guestrow/Teterow"]
[WhiteTeamCountry "GER"]
[BlackTeamCountry "GER"]

1. d4 Nf6 2. c4 e6 3. Nc3 d5 4. cxd5 exd5 5. Bg5 Be7 6. e3 O-O 7. Bd3 Nbd7 8.
Qc2 c6 9. Nge2 Re8 10. O-O Nf8 11. Rab1 a5 12. a3 Bg4 13. h3 Bc8 14. Bf4 Bd6
15. Rfc1 Ng6 16. Bxd6 Qxd6 17. Na4 Ne4 18. Nb6 Rb8 19. Bxe4 Rxe4 20. Qc5 Qd8
21. Ng3 Re8 22. Qxa5 h5 23. Nxh5 Bf5 24. Ra1 Qh4 25. Ng3 Bxh3 26. Re1 Bg4 27.
Qd2 Qg5 28. Na4 Nh4 29. f4 Qg6 30. Qf2 Re7 31. Nf1 Bf3 32. g3 Be4 33. Nh2 Rbe8
34. Nc3 Nf5 35. Nxe4 Rxe4 36. Nf1 Qg4 37. Nh2 Qxg3+ 38. Qxg3 Nxg3 39. Kf2 Nf5
40. Nf1 f6 41. Rad1 Kf7 42. Rd3 Rh8 43. a4 Nd6 44. Kg2 Rhe8 45. Kf2 Rh8 46. Rb3
Ra8 47. Ra1 Re7 48. Nd2 b5 49. Rba3 Rxa4 50. Rxa4 bxa4 51. Rxa4 Rb7 52. b3 Ne4+
53. Nxe4 dxe4 54. Ra3 Ke6 55. Kg3 f5 56. Kh4 Kf6 57. Ra6 Rxb3 58. Rxc6+ Ke7 59.
Kg5 Rxe3 60. Kxf5 Kf7 61. Rc7+ Kf8 62. Ke6 Kg8 63. Kf5 Re1 64. Re7 e3 65. Ke6
e2 66. Re8+ Kh7 67. Kd5 Kg6 68. Re5 Kf6 69. Kd6 Rd1 70. Rxe2 Rxd4+ 71. Kc5 Rxf4
72. Kd5 g5 73. Re8 Kf5 74. Rg8 Kg4 75. Ke5 Rf1 76. Rg7 Kh4 77. Ke4 g4 78. Ke3
Kh3 79. Ke2 Rf6 80. Rh7+ Kg2 81. Rg7 Re6+ 82. Kd2 g3 83. Rg8 Rf6 84. Ke2 Kh2
85. Rh8+ Kg1 86. Rg8 Rf2+ 87. Ke1 g2 88. Rg7 Rf3 89. Ke2 Rf2+ 90. Ke1 Rf4 91.
Ke2 Kh2 92. Rh7+ Kg1 93. Rg7 Ra4 94. Rg8 Ra2+ 95. Ke1 Ra3 96. Ke2 Kh2 0-1

[Event "Verbandsliga 2019-20"]
[Site "MVP"]
[Date "2019.11.24"]
[Round "3.4"]
[White "Dettmann, Gerd"]
[Black "Troyke, Jannis"]
[Result "1-0"]
[WhiteElo "2102"]
[BlackElo "1772"]
[PlyCount "85"]
[EventDate "2019.09.29"]
[EventType "team-tourn"]
[EventRounds "9"]
[WhiteTeam "SG Guestrow/Teterow"]
[BlackTeam "Greifswalder SV II"]
[WhiteTeamCountry "GER"]
[BlackTeamCountry "GER"]

1. e4 c5 2. Nf3 d6 3. d4 cxd4 4. Nxd4 Nf6 5. Nc3 g6 6. Be3 Bg7 7. f3 O-O 8. Bc4
Nc6 9. Qd2 Bd7 10. O-O-O Rb8 11. Kb1 b5 12. Ndxb5 Ne5 13. Be2 Bxb5 14. Nxb5 Qd7
15. c4 a6 16. Nd4 Rfc8 17. Rc1 Qa4 18. Qc2 Qb4 19. Nb3 Nfd7 20. Rhd1 Nxc4 21.
Bxc4 Ne5 22. Rd4 Nd7 23. Bxf7+ Kxf7 24. Qxc8 Bxd4 25. Qxd7 Bxe3 26. Rd1 a5 27.
e5 Rb7 28. e6+ Kf6 29. Qe8 Kxe6 30. Qh8 Rb8 31. Qc3 Qxc3 32. bxc3 a4 33. Re1
axb3 34. Rxe3+ Kf6 35. a4 Ra8 36. Re4 Ra5 37. Kb2 e6 38. Kxb3 Ke7 39. Rb4 Rh5
40. h3 d5 41. Rb5 Kd6 42. a5 Rf5 43. Rb6+ 1-0

[Event "Verbandsliga 2019-20"]
[Site "MVP"]
[Date "2019.11.24"]
[Round "3.5"]
[White "Schwahn, Christian"]
[Black "Gebert-Vangeel, Ralf"]
[Result "1/2-1/2"]
[WhiteElo "1973"]
[BlackElo "2033"]
[PlyCount "92"]
[EventDate "2019.09.29"]
[EventType "team-tourn"]
[EventRounds "9"]
[WhiteTeam "Greifswalder SV II"]
[BlackTeam "SG Guestrow/Teterow"]
[WhiteTeamCountry "GER"]
[BlackTeamCountry "GER"]

1. e4 e5 2. Nf3 Nc6 3. Bb5 a6 4. Ba4 Nf6 5. O-O b5 6. Bb3 Be7 7. Re1 O-O 8. d3
d6 9. c3 Na5 10. Bc2 c5 11. Nbd2 g6 12. Nf1 Nh5 13. d4 cxd4 14. cxd4 Nc6 15. a4
Bg4 16. dxe5 Bxf3 17. gxf3 dxe5 18. Ne3 Nd4 19. Nd5 Bc5 20. Be3 Nf4 21. Nxf4
exf4 22. Bxd4 Bxd4 23. axb5 Qg5+ 24. Kh1 Bxb2 25. Rxa6 Bc3 26. Rg1 Qxb5 27.
Rxa8 Rxa8 28. Bb3 Rb8 29. Bd5 Qb2 30. Qc1 Be5 31. Qxb2 Rxb2 32. Ra1 Rc2 33. Ra2
Rc7 34. Kg2 Kg7 35. Ra3 Kf6 36. Rb3 Kg5 37. Rb7 Kf6 38. Rxc7 Bxc7 39. Kh3 g5
40. Kg4 Bb6 41. e5+ Kxe5 42. Bxf7 Kf6 43. Be8 h6 44. Bd7 Bxf2 45. Kh5 Kg7 46.
Bc8 Bc5 1/2-1/2

[Event "Verbandsliga 2019-20"]
[Site "MVP"]
[Date "2019.11.24"]
[Round "3.6"]
[White "Dettmann, Holger"]
[Black "Gwiazda, Slawomir"]
[Result "1/2-1/2"]
[WhiteElo "2012"]
[BlackElo "1960"]
[PlyCount "31"]
[EventDate "2019.09.29"]
[EventType "team-tourn"]
[EventRounds "9"]
[WhiteTeam "SG Guestrow/Teterow"]
[BlackTeam "Greifswalder SV II"]
[WhiteTeamCountry "GER"]
[BlackTeamCountry "GER"]

1. d4 Nf6 2. Nc3 d5 3. Bf4 c6 4. Qd2 Bf5 5. f3 e6 6. g4 Bg6 7. e3 Bd6 8. Bxd6
Qxd6 9. Bd3 Nbd7 10. O-O-O O-O-O 11. h4 e5 12. Nh3 Rde8 13. h5 Bxd3 14. cxd3
exd4 15. exd4 Re7 16. Qf4 1/2-1/2

[Event "Verbandsliga 2019-20"]
[Site "MVP"]
[Date "2019.11.24"]
[Round "3.7"]
[White "Sowada, Christoph"]
[Black "Kiel, Bernd"]
[Result "0-1"]
[WhiteElo "1952"]
[BlackElo "1989"]
[PlyCount "58"]
[EventDate "2019.09.29"]
[EventType "team-tourn"]
[EventRounds "9"]
[WhiteTeam "Greifswalder SV II"]
[BlackTeam "SG Guestrow/Teterow"]
[WhiteTeamCountry "GER"]
[BlackTeamCountry "GER"]

1. f4 d5 2. g3 Nf6 3. Bg2 Nc6 4. Nf3 Bg4 5. d3 Qd7 6. c3 Bxf3 7. Bxf3 e5 8. e3
exf4 9. exf4 O-O-O 10. O-O h5 11. Na3 Kb8 12. Nc2 Bd6 13. Kg2 h4 14. g4 h3+ 15.
Kh1 g6 16. Be3 Rde8 17. Rg1 Rxe3 18. Nxe3 Bxf4 19. Nc2 Qd6 20. Qe2 Ne5 21. Ne1
Re8 22. Qf1 Bxh2 23. Qxh3 Bxg1 24. Kxg1 Nxf3+ 25. Qxf3 Rh8 26. Ng2 Qb6+ 27. d4
Qd6 28. Re1 Qh2+ 29. Kf2 Ne4+ 0-1

[Event "Verbandsliga 2019-20"]
[Site "MVP"]
[Date "2019.11.24"]
[Round "3.8"]
[White "Hornecker, Siegfried"]
[Black "Valet, Richard"]
[Result "0-1"]
[WhiteElo "2015"]
[BlackElo "2051"]
[PlyCount "34"]
[EventDate "2019.09.29"]
[EventType "team-tourn"]
[EventRounds "9"]
[WhiteTeam "SG Guestrow/Teterow"]
[BlackTeam "Greifswalder SV II"]
[WhiteTeamCountry "GER"]
[BlackTeamCountry "GER"]

1. e4 c5 2. Nf3 Nc6 3. d4 cxd4 4. Nxd4 Nf6 5. Nc3 e5 6. Ndb5 d6 7. Bg5 a6 8.
Na3 b5 9. Nd5 Be7 10. Nxe7 Nxe7 11. c3 Nxe4 12. Bxe7 Qxe7 13. c4 O-O 14. cxb5
d5 15. f3 Qb4+ 16. Ke2 Qxb2+ 17. Qc2 Qxa1 0-1

[Event "Verbandsliga 2019-20"]
[Site "MVP"]
[Date "2019.11.24"]
[Round "3.1"]
[White "Schinke, Andreas"]
[Black "Wolke, Heiko"]
[Result "1-0"]
[WhiteElo "2093"]
[BlackElo "2036"]
[Annotator "User,Windows"]
[PlyCount "125"]
[EventDate "2019.09.29"]
[EventType "team-tourn"]
[EventRounds "9"]
[WhiteTeam "BW Grevesmuehlen"]
[BlackTeam "Turbine Rostock"]
[WhiteTeamCountry "GER"]
[BlackTeamCountry "GER"]

1. e4 c6 2. c4 d5 3. exd5 cxd5 4. cxd5 Nf6 5. Bb5+ Nbd7 6. Nc3 g6 7. d4 Bg7 8.
d6 exd6 9. Qe2+ Qe7 10. Bf4 d5 11. Bd6 Qxe2+ 12. Ngxe2 a6 13. Bd3 b5 14. a4
bxa4 15. Nf4 Nb6 16. Nxa4 Nxa4 17. Rxa4 Bb7 18. f3 Kd7 19. Be5 Ne8 20. Bxg7
Nxg7 21. Kd2 Rhb8 22. Ra5 Kd6 23. Rha1 Ne6 24. Nxe6 fxe6 25. f4 Bc8 26. Kc3 Rb6
{RA} 27. b4 Rab8 28. Bxa6 Bd7 $2 (28... Rxb4 29. Bxc8 Rc4+ $11) 29. b5 Bxb5 30.
Bxb5 Rxb5 31. Rxb5 Rxb5 32. Ra6+ Ke7 33. Ra7+ Kf6 34. Rxh7 Ra5 35. g3 Ra3+ 36.
Kb4 Rd3 37. Kc5 Rc3+ 38. Kd6 Rc8 39. Re7 Rd8+ 40. Rd7 Rh8 41. h4 Ra8 42. g4 Rf8
43. Rh7 Rd8+ 44. Kc7 Rf8 45. Kd7 Ra8 46. g5+ Kf5 47. Rf7+ Ke4 48. Kxe6 Ra6+ 49.
Ke7 Kxd4 50. f5 Ke5 51. fxg6 Re6+ 52. Kf8 Rxg6 53. Rf1 d4 54. Kf7 Rd6 55. g6
Rd7+ 56. Kf8 Ke6 57. h5 (57. g7 {würde einzügig gewinnen...} Rd8#) 57... d3 {RA
} 58. h6 Rd8+ 59. Kg7 Rd7+ 60. Kh8 Rd8+ 61. Kh7 Rd7+ 62. g7 d2 63. Kh8 1-0

[Event "Verbandsliga 2019-20"]
[Site "MVP"]
[Date "2019.11.24"]
[Round "3.4"]
[White "Herholz, Holger"]
[Black "Stiegler, Maik"]
[Result "0-1"]
[WhiteElo "1970"]
[BlackElo "1997"]
[PlyCount "80"]
[EventDate "2019.09.29"]
[EventType "team-tourn"]
[EventRounds "9"]
[WhiteTeam "Turbine Rostock"]
[BlackTeam "BW Grevesmuehlen"]
[WhiteTeamCountry "GER"]
[BlackTeamCountry "GER"]

1. d4 Nf6 2. c4 g6 3. Nc3 Bg7 4. e3 O-O 5. Nf3 d6 6. Be2 Bg4 7. O-O Nbd7 8. h3
Bxf3 9. Bxf3 Rb8 10. a3 c5 11. Rb1 a6 12. dxc5 dxc5 13. b3 e6 14. Bb2 Qc7 15.
Qc2 b5 16. cxb5 axb5 17. Ne4 Rfc8 18. Nxf6+ Bxf6 19. Bxf6 Nxf6 20. Qb2 Nd5 21.
Rfd1 Rd8 22. Rbc1 c4 23. bxc4 bxc4 24. Qc2 Rbc8 25. e4 Nb6 26. Rxd8+ Rxd8 27.
Be2 Rd4 28. f3 Qc5 29. Kh1 Qxa3 30. Rb1 Qc5 31. Rxb6 Qxb6 32. Bxc4 Qd6 33. Bb3
Rd2 34. Qc8+ Kg7 35. Qc3+ Kh6 36. e5 Qd4 37. Qxd4 Rxd4 38. Bc2 Rc4 39. Be4 Rc5
40. f4 Rc4 0-1

[Event "Verbandsliga 2019-20"]
[Site "MVP"]
[Date "2019.11.24"]
[Round "3.5"]
[White "Hausmann, Marcus"]
[Black "Schmidt, Reinhard"]
[Result "0-1"]
[WhiteElo "1916"]
[BlackElo "1898"]
[Annotator "User,Windows"]
[PlyCount "90"]
[EventDate "2019.09.29"]
[EventType "team-tourn"]
[EventRounds "9"]
[WhiteTeam "BW Grevesmuehlen"]
[BlackTeam "Turbine Rostock"]
[WhiteTeamCountry "GER"]
[BlackTeamCountry "GER"]

1. d4 e6 2. Nf3 f5 3. Bf4 Nf6 4. e3 b6 5. Be2 Bb7 6. O-O Be7 7. h3 O-O 8. a4 c5
9. Nc3 Nd5 10. Nxd5 Bxd5 11. Nd2 g5 {RA} 12. Bh2 f4 13. Bh5 cxd4 14. exd4 Bf6
15. c3 Bb7 16. Re1 Nc6 17. Ne4 d5 18. Nxf6+ Qxf6 19. b4 Rad8 20. a5 e5 21. dxe5
Nxe5 22. axb6 axb6 23. Ra7 Bc6 24. Qd4 Nd7 25. Qd3 Ra8 $2 26. Rea1 $11 (26.
Rxd7 Bxd7 27. Qxd5+ Kh8 28. Qxd7 $18) 26... Rxa7 27. Rxa7 Ra8 28. Rxa8+ Bxa8 {
RA} 29. Kh1 Ne5 30. Qa6 Qd8 31. Qe2 Qc7 32. Qd2 Nc4 33. Qd4 Qe5 34. Qxe5 Nxe5
35. Be2 Kf7 36. f3 Bc6 37. Bg1 b5 38. Bc5 Nc4 39. Bd3 h6 40. Kg1 Bd7 41. Kf1 h5
42. Ba7 h4 43. Ke2 Bc6 44. Bh7 Bd7 45. Kd3 $4 Kg7 0-1